| 000 | 00528nam a2200157 a 4500 | ||
|---|---|---|---|
| 001 | 000030565 | ||
| 005 | 20200930062400.0 | ||
| 008 | 110524s1941 dr a 000 | spa d | ||
| 040 |
_aDO-SdBNP _bspa _cBNPHU |
||
| 082 |
_axxx _bT649c |
||
| 100 | 1 |
_aTolentino Rojas, Vicente _954375 |
|
| 245 | 1 | 0 |
_aCartilla dominicana : _bmetódo ideo-visual / _cVicente Tolentino Rojas. |
| 260 |
_aCiudad Trujillo, República Dominicana : _bDirección General de Estadística Nacional, _c1941. |
||
| 300 |
_a42 p. : _bil. ; _c21 cm. |
||
| 049 | _aBNPD | ||
| 999 |
_c30057 _d30057 |
||